000 00495nam a2200205Ia 4500
008 180523s9999 xx 000 0 und d
020 _a978-9812-532-58-9
050 _aMAIN QC 21.2
050 _b.W35 2008
100 _aWalker, Jearl.
245 0 _aFundamentals of physics /
245 0 _cJearl Walker.
250 _a8th Edition
260 _bJohn Wiley & Sons,
260 _c2008
300 _a1106 pages :
300 _c26 cm.
500 _aIncludes index.
650 _aPhysics.
999 _c357500
_d357500